[Event "FRA-chT U20 0506"]
[Site "France"]
[Date "2005.11.13"]
[Round "3.6"]
[White "Barbot, Pierre"]
[Black "Fontanillas, Charlotte"]
[Result "1-0"]
[WhiteElo "1630"]
[BlackElo "1360"]
[PlyCount "61"]
[EventDate "2005.11.12"]
[EventType "team"]
[EventRounds "3"]
[EventCountry "FRA"]
[SourceTitle "CBM 109 Extra"]
[Source "ChessBase"]
[SourceDate "2006.01.03"]
[SourceVersion "2"]
[SourceVersionDate "2006.01.03"]
[SourceQuality "1"]

1. e4 e5 2. Nf3 Nc6 3. Bc4 Bc5 4. c3 Nf6 5. d3 0-0 6. 0-0 d5 7. exd5 Nxd5 8. b4 Bd6 9. Bxd5 Ne7 10. Bb3 Bg4 11. Nbd2 Ng6 12. h3 Bf5 13. Nc4 e4 14. Nd4 Qf6 15. Nxd6 cxd6 16. Nxf5 Qxf5 17. dxe4 Qxe4 18. Qxd6 Nh4 19. Qg3 Rad8 20. f3 Qe7 21. Bg5 Qd7 22. Rad1 Qc8 23. Bxd8 Nf5 24. Qf4 Re8 25. Rfe1 Rf8 26. Be7 Re8 27. Bc5 b6 28. Qxf5 Qb8 29. Qxf7+ Kh8 30. Rxe8+ Qxe8 31. Qxe8# 1-0